000 02038nam0a2200337 4500
001 RU\NLR\bibl\1082409
005 20260405132414.0
021 _aRU
_b2007-18348
_9973
035 _a(NLR Aleph) 001069587
090 _a990126
_c990126
100 _a20070507d2006 |||y0rusy50 ca
101 0 _arus
102 _aRU
105 _aa |||||||||
200 1 _aРасчет и оценка эколого-значимых параметров
_eучебно-методическое пособие
_e[для выполнения студентами 2 курса дневного и вечернего отделения всех специальностей расчетных работ по дисциплине "Основы экологии"]
_fХабарова Е.И., Орлова И.Г., Варенник О.Н., Роздин И.А.
_gФедер. агентство по образованию, Моск. гос. акад. тонкой хим. техн. им. М.В. Ломоносова, Каф. Приклад. экологии и безопасн. труда
205 _aИзд. 2-е, перераб.
210 _aМосква
_cМИТХТ
_d2006
215 _a80 с.
_cил.
_d20
300 _aКн. описана по обл., тит.л. отсутствует
606 1 _aИнженерная экология
_jУчебные издания для высших учебных заведений
_91252124
_3RU\NLR\auth\66512721
686 _aН932я73-1
701 1 _aХабарова
_bЕ. И.
_gЕлена Ивановна
_4070
701 1 _4070
_8rus
_7ca
_aОрлова
_bИ. Г.
_cд-р биол. наук, эколог
_gИрина Георгиевна
_3RU\NLR\auth\7753257
_936189
701 1 _aВареник
_bО. Н.
_gОксана Николаевна
_4070
701 1 _aРоздин
_bИ. А.
_gИгорь Анатольевич
_4070
801 0 _aRU
_bNLR
_c20070507
_gRCR
801 1 _aRU
_bNLR
_c20070507
830 _aАвт. раскрыты по кн.
942 _cBOOK
980 _aNB